[Event "NATO Chess Championship 2010"]
[Site "Koege"]
[Date "2010.10.19"]
[Round "3.19"]
[White "Daler, Neset"]
[Black "Lazar, Ales"]
[Result "1/2-1/2"]
[WhiteElo "2013"]
[BlackElo "2146"]
[PlyCount "95"]
[EventDate "2010.??.??"]
[WhiteTeam "TUR"]
[BlackTeam "SLO"]

1. e4 c5 2. Nf3 g6 3. d4 cxd4 4. Nxd4 Nc6 5. Be3 Bg7 6. Nc3 Nf6 7. Be2 O-O 8.
O-O d6 9. h3 Bd7 10. Qd2 Nxd4 11. Bxd4 Bc6 12. Bf3 Nd7 13. Bxg7 Kxg7 14. Qd4+
Kg8 15. g3 a5 16. Bg2 Qb6 17. Qxb6 Nxb6 18. Rfe1 Rfc8 19. Bf1 Kf8 20. Rad1 Na4
21. Nxa4 Bxa4 22. b3 Be8 23. Bd3 e5 24. a4 Ke7 25. c4 Bd7 26. Kg2 b6 27. f4 f6
28. f5 Bc6 29. Kf2 Rg8 30. fxg6 Rxg6 31. Re3 Bd7 32. Bf1 Bc6 33. Bg2 Rgg8 34.
Red3 Rgd8 35. Bf3 h6 36. Re1 Bd7 37. Kg2 Be6 38. Red1 Rab8 39. Bh5 Ra8 40. Bg6
Rab8 41. g4 Ra8 42. Bf5 Bf7 43. Kg3 Rab8 44. h4 Ra8 45. Kf2 Rab8 46. Rg1 Rg8
47. Rgg3 Ra8 48. Ke3 1/2-1/2

[Event "NATO Chess Championship 2010"]
[Site "Koege"]
[Date "2010.10.19"]
[Round "3.20"]
[White "Nielsen, Henrik Lindholt"]
[Black "Picart, Laurent"]
[Result "0-1"]
[WhiteElo "2008"]
[BlackElo "2139"]
[PlyCount "86"]
[EventDate "2010.??.??"]
[WhiteTeam "DEN"]
[BlackTeam "FRA"]

1. d4 Nf6 2. Nf3 d5 3. Bf4 g6 4. Nc3 Bg7 5. Qd2 O-O 6. Bh6 c5 7. Bxg7 Kxg7 8.
h4 cxd4 9. Nxd4 e5 10. Nf3 d4 11. Nd1 Nc6 12. e3 Ne4 13. Qd3 Bf5 14. Qb5 Qe7
15. c3 Rad8 16. Ng5 dxc3 17. Nxc3 Nxg5 18. hxg5 Nb4 19. Rc1 Nc2+ 20. Rxc2 Bxc2
21. Be2 a6 22. Qc4 Qxg5 23. O-O Bf5 24. Rc1 Rfe8 25. Qc7 Qe7 26. Qc4 Rc8 27.
Qb3 b5 28. a3 Red8 29. Re1 Rd2 30. e4 Be6 31. Nd5 Bxd5 32. exd5 Rcc2 33. Bf3
Qc5 34. Qe3 Qxe3 35. Rxe3 Rxb2 36. Rxe5 Kf6 37. Re3 Rxf2 38. Re8 Rfd2 39. Rb8
a5 40. Rb6+ Ke5 41. Ra6 a4 42. Ra7 f5 43. Rxh7 g5 0-1

[Event "NATO Chess Championship 2010"]
[Site "Koege"]
[Date "2010.10.19"]
[Round "3.21"]
[White "Geroely, Jozsef"]
[Black "Nielsen, Jan Mose"]
[Result "1/2-1/2"]
[WhiteElo "1982"]
[BlackElo "2127"]
[PlyCount "68"]
[EventDate "2010.??.??"]

1. Nf3 d5 2. g3 c5 3. Bg2 Nc6 4. d4 cxd4 5. Nxd4 e5 6. Nxc6 bxc6 7. c4 Be6 8.
Nc3 Bb4 9. Qa4 Bxc3+ 10. bxc3 Ne7 11. Ba3 O-O 12. Rd1 Re8 13. e4 Qc7 14. Bxe7
Rxe7 15. exd5 cxd5 16. cxd5 Qxc3+ 17. Kf1 Bd7 18. Qb3 Qxb3 19. axb3 Rb8 20. d6
Ree8 21. Bd5 Rb6 22. Kg2 Bc6 23. Bxc6 Rxc6 24. Rd5 f6 25. f4 exf4 26. gxf4 Rd8
27. Rhd1 Kf7 28. R5d3 Ke6 29. Re1+ Kf5 30. d7 Rc7 31. Re7 g5 32. fxg5 fxg5 33.
Rxh7 Kg6 34. Re7 Kf6 1/2-1/2

[Event "NATO Chess Championship 2010"]
[Site "Koege"]
[Date "2010.10.19"]
[Round "3.22"]
[White "Parisse, Denis"]
[Black "van Run, Rieke"]
[Result "1/2-1/2"]
[WhiteElo "1960"]
[BlackElo "2120"]
[PlyCount "25"]
[EventDate "2010.??.??"]

1. e4 e5 2. f4 d5 3. exd5 Qxd5 4. fxe5 Qxe5+ 5. Qe2 Nc6 6. Qxe5+ Nxe5 7. d4 Nc6
8. Nf3 Bd6 9. Be2 Nb4 10. Na3 Bf5 11. Bd1 Nf6 12. O-O O-O 13. Ne5 1/2-1/2

[Event "NATO Chess Championship 2010"]
[Site "Koege"]
[Date "2010.10.19"]
[Round "3.23"]
[White "Harwood, Duncan"]
[Black "Krainski, Slawomir"]
[Result "1-0"]
[WhiteElo "1939"]
[BlackElo "2115"]
[PlyCount "109"]
[EventDate "2010.??.??"]

1. f4 Nf6 2. Nf3 g6 3. e3 Bg7 4. Be2 O-O 5. O-O d6 6. d3 Nc6 7. Qe1 e5 8. fxe5
Nxe5 9. Nxe5 dxe5 10. e4 Qd6 11. Kh1 b6 12. Qh4 Ne8 13. Nd2 Qc5 14. Nc4 f6 15.
b3 b5 16. Ba3 b4 17. Bb2 Nd6 18. a3 Nxc4 19. dxc4 Qe3 20. Bd3 c5 21. Qf2 Qxf2
22. Rxf2 Bb7 23. axb4 cxb4 24. c5 Rfd8 25. h3 a5 26. Bc1 Bc6 27. Bd2 Kf8 28.
Kh2 Ke7 29. g4 h6 30. Kg3 Rdc8 31. c3 Rd8 32. Bc4 Rdb8 33. h4 a4 34. cxb4 axb3
35. Rxa8 Rxa8 36. Bxb3 Bxe4 37. Bc4 Ra3+ 38. Kh2 f5 39. b5 Ra1 40. c6 Rh1+ 41.
Kg3 Rg1+ 42. Kh2 Rxg4 43. Bb4+ Kf6 44. Rd2 Rxh4+ 45. Kg3 Rg4+ 46. Kh2 Kg5 47.
Be7+ Kh5 48. Be2 f4 49. Bxg4+ Kxg4 50. c7 Bb7 51. Rd8 f3 52. Rb8 Bc8 53. Rxc8
e4 54. Bd6 e3 55. Re8 1-0

[Event "NATO Chess Championship 2010"]
[Site "Koege"]
[Date "2010.10.19"]
[Round "3.24"]
[White "Pirs, Matjaz"]
[Black "Baudin, Frederic"]
[Result "1-0"]
[WhiteElo "1934"]
[BlackElo "2096"]
[PlyCount "111"]
[EventDate "2010.??.??"]

1. e4 e5 2. Nc3 Nc6 3. Bc4 Nf6 4. d3 Bc5 5. Nf3 d6 6. Bg5 Be6 7. Nd5 Bxd5 8.
Bxd5 h6 9. Bxf6 Qxf6 10. c3 O-O 11. b4 Bb6 12. O-O a5 13. b5 Nd8 14. a4 Rb8 15.
Nd2 Ne6 16. Nc4 Nf4 17. Nxb6 cxb6 18. g3 Nxd5 19. exd5 Rbc8 20. Qd2 Rc5 21. c4
e4 22. Rae1 exd3 23. Re4 Rfc8 24. Qxd3 g6 25. Rb1 Qf5 26. g4 Qf6 27. Kg2 Kg7
28. h3 R5c7 29. f3 Re7 30. Rbe1 Rxe4 31. Rxe4 Qb2+ 32. Re2 Qf6 33. Kg3 h5 34.
h4 hxg4 35. fxg4 Rh8 36. g5 Qa1 37. Qf3 Qg1+ 38. Kh3 Qd4 39. Re4 Qa1 40. Rf4
Rf8 41. Re4 f5 42. Re7+ Rf7 43. Rxf7+ Kxf7 44. h5 Qd4 45. Qe2 gxh5 46. Qe6+ Kg7
47. Qh6+ Kg8 48. Qg6+ Qg7 49. Qe6+ Qf7 50. Qxd6 f4 51. Kg2 Kg7 52. Kf3 Qf5 53.
Qh6+ Kg8 54. Qe6+ Qf7 55. g6 Qxe6 56. dxe6 1-0

[Event "NATO Chess Championship 2010"]
[Site "Koege"]
[Date "2010.10.19"]
[Round "3.25"]
[White "Toll, Alec"]
[Black "De Cat, Ben"]
[Result "1-0"]
[WhiteElo "2095"]
[BlackElo "1927"]
[PlyCount "63"]
[EventDate "2010.??.??"]

1. d4 Nf6 2. Nf3 d6 3. Nc3 h6 4. e4 Nbd7 5. e5 Nh7 6. e6 Ndf6 7. exf7+ Kxf7 8.
Bd3 Bg4 9. h3 Bxf3 10. Qxf3 c6 11. Bd2 g5 12. O-O-O Bg7 13. Rde1 e6 14. g4 Qb6
15. Ne2 Raf8 16. Qg3 Ke7 17. f4 Kd7 18. f5 exf5 19. Bxf5+ Kc7 20. c4 c5 21. Bc3
Rf7 22. Rhf1 Nf8 23. b3 N6d7 24. Bxd7 Rxd7 25. d5 Ng6 26. Bxg7 Rxg7 27. Rf6 Ne5
28. Nc3 Re8 29. Re6 Rxe6 30. dxe6 Qa5 31. Rxe5 Rg6 32. e7 1-0

[Event "NATO Chess Championship 2010"]
[Site "Koege"]
[Date "2010.10.19"]
[Round "3.26"]
[White "Bublys, Vaidotas"]
[Black "Ledoux, Jean-Luc"]
[Result "0-1"]
[WhiteElo "1930"]
[BlackElo "2084"]
[PlyCount "46"]
[EventDate "2010.??.??"]

1. d4 Nf6 2. c4 e6 3. Nc3 Bb4 4. Qc2 O-O 5. Bg5 c5 6. d5 exd5 7. cxd5 d6 8. a3
Bxc3+ 9. bxc3 h6 10. Bxf6 Qxf6 11. e4 Re8 12. Bd3 Qg5 13. f3 Qxd5 14. c4 Qg5
15. Qf2 Nc6 16. Qd2 Qg6 17. Kf2 Qf6 18. Rc1 Qd4+ 19. Kg3 Re6 20. Rc2 Rg6+ 21.
Kf4 f5 22. g3 Ne5 23. Bf1 Rg4+ 0-1

[Event "NATO Chess Championship 2010"]
[Site "Koege"]
[Date "2010.10.19"]
[Round "3.27"]
[White "Kocur, Marc"]
[Black "Mottais, Francois"]
[Result "0-1"]
[WhiteElo "1880"]
[BlackElo "2071"]
[PlyCount "94"]
[EventDate "2010.??.??"]

1. Nf3 d5 2. c4 d4 3. d3 c5 4. g3 Nc6 5. Bg2 e5 6. O-O f6 7. Nbd2 Be6 8. a3 a5
9. Qa4 Qd7 10. Rd1 g5 11. Ne1 h5 12. Rb1 Rc8 13. Ne4 h4 14. e3 hxg3 15. fxg3
Qh7 16. Nf3 Bg4 17. Rf1 Bxf3 18. Rxf3 Qxh2+ 19. Kf2 g4 20. Rf5 Rh5 21. Rxf6
Nxf6 22. Nxf6+ Kd8 23. Nxh5 Qxh5 24. Bd2 Bh6 25. Rh1 Bxe3+ 26. Bxe3 dxe3+ 27.
Ke1 Qf5 28. Rf1 Qxd3 29. Qd1 Qxd1+ 30. Kxd1 Nd4 31. Rf7 Rc7 32. Rf8+ Ke7 33.
Rg8 Kf6 34. Rxg4 Rh7 35. Be4 Rh2 36. Rg6+ Kf7 37. Rb6 Rf2 38. Ke1 a4 39. Rxb7+
Kf6 40. Rb8 Ke7 41. Rb7+ Kf6 42. Rb8 Kg5 43. Rg8+ Kh5 44. Re8 Rxb2 45. Rxe5+
Kg4 46. Rxc5 Rh2 47. Rb5 Nxb5 0-1

[Event "NATO Chess Championship 2010"]
[Site "Koege"]
[Date "2010.10.19"]
[Round "3.28"]
[White "Kaygisiz, Ozgur Can"]
[Black "Jose, Franco"]
[Result "1/2-1/2"]
[WhiteElo "1892"]
[BlackElo "2066"]
[PlyCount "64"]
[EventDate "2010.??.??"]

1. e4 c5 2. Nf3 e6 3. d4 cxd4 4. Nxd4 Nc6 5. Be2 Nf6 6. Nc3 d6 7. Bg5 Be7 8. f4
h6 9. Bh4 Nxe4 10. Bxe7 Nxc3 11. Bxd8 Nxd1 12. Rxd1 Nxd4 13. Rxd4 Kxd8 14.
Rxd6+ Kc7 15. Rd4 Bd7 16. Kf2 Rhe8 17. Rhd1 Bc6 18. Bf3 Re7 19. Rc4 Rae8 20.
Rd3 e5 21. Bxc6 bxc6 22. f5 Rb8 23. Rdc3 Rxb2 24. Rxc6+ Kb7 25. a3 Rb6 26. R6c4
g6 27. fxg6 Rxg6 28. Rb3+ Rb6 29. Rh4 Ree6 30. Rh5 Kc7 31. Rxb6 axb6 32. Ke3
Rg6 1/2-1/2

[Event "NATO Chess Championship 2010"]
[Site "Koege"]
[Date "2010.10.19"]
[Round "3.29"]
[White "Ghiacy, Jelani"]
[Black "Szczesniak, Andrzej"]
[Result "0-1"]
[WhiteElo "1517"]
[BlackElo "2053"]
[PlyCount "78"]
[EventDate "2010.??.??"]

1. e4 c5 2. Nc3 a6 3. a4 Nc6 4. Nf3 e6 5. d4 cxd4 6. Nxd4 Qc7 7. Nxc6 dxc6 8.
g3 e5 9. Bg2 Bc5 10. O-O Be6 11. b3 Bd4 12. Qf3 Nf6 13. Rb1 Bg4 14. Qd3 O-O-O
15. Be3 Ba7 16. Qc4 Bxe3 17. fxe3 Rd2 18. Rbc1 Rhd8 19. b4 Be6 20. Nd5 cxd5 21.
Qxc7+ Kxc7 22. exd5 Nxd5 23. Bxd5 Bxd5 24. e4 Bxe4 25. Rxf7+ Kb8 26. Rf2 Rxf2
27. Kxf2 Rd2+ 28. Ke3 Rxc2 29. Rxc2 Bxc2 30. a5 Kc7 31. Kd2 Be4 32. Ke3 Bc6 33.
h4 Kd6 34. Kd3 Kd5 35. g4 e4+ 36. Kc3 Ke5 37. Kc4 Kf4 38. g5 e3 39. Kd3 Kf3 0-1

[Event "NATO Chess Championship 2010"]
[Site "Koege"]
[Date "2010.10.19"]
[Round "3.30"]
[White "Cheung, Jan"]
[Black "Geerts, Luc"]
[Result "1-0"]
[WhiteElo "2030"]
[BlackElo "1514"]
[PlyCount "75"]
[EventDate "2010.??.??"]
[WhiteTeam "NED"]
[BlackTeam "BEL"]

1. d4 d5 2. c4 c6 3. Nf3 Nf6 4. Nc3 e6 5. Bg5 Be7 6. e3 Nbd7 7. Qc2 Qc7 8. Bd3
Nb6 9. c5 Nbd7 10. Bf4 Qd8 11. h3 b6 12. b4 a5 13. b5 bxc5 14. bxc6 Nb8 15. c7
Qd7 16. cxb8=Q Rxb8 17. Bxb8 c4 18. Be2 Bb4 19. O-O O-O 20. Nd2 Bb7 21. Be5 Ne8
22. a3 Bd6 23. Bxd6 Nxd6 24. Rab1 f6 25. Qa4 Bc6 26. Qxa5 Ra8 27. Qb4 Kf7 28.
Bf3 f5 29. Bd1 Kf6 30. Bc2 h6 31. a4 g5 32. Nb5 Nf7 33. f3 h5 34. Qc5 h4 35. e4
f4 36. exd5 Qxd5 37. Qxd5 exd5 38. Rfe1 1-0

[Event "NATO Chess Championship 2010"]
[Site "Koege"]
[Date "2010.10.19"]
[Round "3.31"]
[White "Voroblievas, Art�ras"]
[Black "Marti, György"]
[Result "1-0"]
[WhiteElo "1859"]
[BlackElo "2225"]
[PlyCount "53"]
[EventDate "2010.??.??"]
[WhiteTeam "LTU"]
[BlackTeam "HUN"]

1. e4 c5 2. Nf3 e6 3. d4 cxd4 4. Nxd4 Nf6 5. Bd3 Nc6 6. Nb3 d5 7. exd5 Nxd5 8.
a3 Be7 9. Qh5 Qc7 10. O-O Nf4 11. Bxf4 Qxf4 12. Nc3 g6 13. Qe2 O-O 14. g3 Qe5
15. Qf3 Qg7 16. Be4 Ne5 17. Qe2 Nc6 18. Rad1 Bxa3 19. bxa3 Qxc3 20. Rd3 Qf6 21.
Rfd1 Rb8 22. Rd6 Ne7 23. Qe3 b6 24. Qh6 Nf5 25. Bxf5 Qxf5 26. Rd8 Bb7 27. Qxf8#
1-0

[Event "NATO Chess Championship 2010"]
[Site "Koege"]
[Date "2010.10.19"]
[Round "3.32"]
[White "Kuzminaite, Ieva"]
[Black "Rockhill, Nathaniel"]
[Result "0-1"]
[WhiteElo "2016"]
[BlackElo "1951"]
[PlyCount "106"]
[EventDate "2010.??.??"]
[WhiteTeam "LTU"]
[BlackTeam "USA"]

1. d4 Nc6 2. g3 d5 3. Bg2 Bf5 4. a3 e6 5. Nf3 Bd6 6. Nbd2 Qf6 7. e3 Be7 8. c4
dxc4 9. Nxc4 Be4 10. Ncd2 Bd3 11. Qb3 Ba6 12. Qa4 Kf8 13. b4 Qf5 14. e4 Qb5 15.
Qxb5 Bxb5 16. Bb2 Nf6 17. Bf1 Bxf1 18. Rxf1 a6 19. Rc1 Rc8 20. Rc2 Ke8 21. Ke2
Kd7 22. Rd1 Rce8 23. Rdc1 Bd8 24. Kf1 Rhg8 25. Ne5+ Nxe5 26. dxe5 Nh5 27. Nb3
Kc8 28. f4 c6 29. Bd4 g5 30. f5 exf5 31. exf5 Bc7 32. Re2 Rd8 33. Rce1 Rd5 34.
Re4 f6 35. g4 Rxd4 36. Nxd4 fxe5 37. Nf3 Nf6 38. R4e2 Nxg4 39. h3 Nh6 40. Nxe5
Nxf5 41. Ng4 Ng3+ 42. Kg2 Nxe2 43. Rxe2 Bd8 44. Rf2 h5 45. Ne5 g4 46. hxg4 Bc7
47. Rf5 Bxe5 48. Rxe5 Rxg4+ 49. Kh3 Rd4 50. Re3 Kc7 51. Kg2 Kb6 52. Rh3 h4 53.
Rc3 Rg4+ 0-1

[Event "NATO Chess Championship 2010"]
[Site "Koege"]
[Date "2010.10.19"]
[Round "3.33"]
[White "Christen, Pierre"]
[Black "Kruit, Erik"]
[Result "1-0"]
[WhiteElo "2007"]
[BlackElo "1887"]
[PlyCount "61"]
[EventDate "2010.??.??"]
[WhiteTeam "LUX"]
[BlackTeam "NED"]

1. Nf3 c5 2. c4 b6 3. d4 cxd4 4. Nxd4 Bb7 5. Nc3 Nf6 6. Bg5 Ne4 7. Nxe4 Bxe4 8.
f3 h6 9. Bf4 Bb7 10. e4 d6 11. Be3 g6 12. Be2 Bg7 13. Qd2 Nc6 14. Nb5 Rc8 15.
Rc1 a6 16. Nc3 Ne5 17. b3 Qc7 18. O-O Nd7 19. Rfd1 g5 20. b4 O-O 21. f4 gxf4
22. Bxf4 Kh7 23. Bg4 Ne5 24. Nd5 Nxg4 25. Nxc7 Rxc7 26. h3 Ne5 27. Qe2 Rg8 28.
c5 bxc5 29. bxc5 dxc5 30. Qh5 Ng6 31. Bxc7 1-0

[Event "NATO Chess Championship 2010"]
[Site "Koege"]
[Date "2010.10.19"]
[Round "3.35"]
[White "Vercauteren, Daniël"]
[Black "Steffers, Hendrik"]
[Result "0-1"]
[WhiteElo "1689"]
[BlackElo "1960"]
[PlyCount "76"]
[EventDate "2010.??.??"]
[WhiteTeam "BEL"]
[BlackTeam "NATO"]

1. Nc3 d5 2. e4 d4 3. Nce2 e5 4. Ng3 Nf6 5. Nf3 Nc6 6. Bb5 Bd6 7. d3 O-O 8. Bg5
h6 9. Bd2 Ne7 10. Qc1 Kh7 11. Nh4 Nfg8 12. O-O Ng6 13. Nhf5 Nf4 14. Nxd6 Qxd6
15. Bc4 Be6 16. Bb3 a5 17. f3 b6 18. Qe1 g5 19. Ne2 Qe7 20. g4 Qf6 21. Ng3 Ne7
22. Nf5 Nxf5 23. exf5 Bxb3 24. axb3 Kg7 25. Bxf4 exf4 26. Qd2 Rfe8 27. Rae1 Re3
28. Rxe3 fxe3 29. Qe2 Qd6 30. Ra1 Rh8 31. Kg2 h5 32. Rh1 h4 33. Rc1 Re8 34. c3
c5 35. cxd4 cxd4 36. Qc2 Re5 37. Re1 Rc5 38. Qb1 Qc7 0-1

[Event "NATO Chess Championship 2010"]
[Site "Koege"]
[Date "2010.10.19"]
[Round "3.36"]
[White "Morrison, Munroe"]
[Black "Stone, Stephen"]
[Result "0-1"]
[WhiteElo "1861"]
[BlackElo "1600"]
[PlyCount "64"]
[EventDate "2010.??.??"]
[WhiteTeam "UK"]
[BlackTeam "CAN"]

1. f4 g6 2. Nf3 Bg7 3. e3 Nf6 4. d4 c5 5. c3 b6 6. Bd3 d5 7. O-O O-O 8. Qe2 Nc6
9. Nbd2 e6 10. b3 Bb7 11. Bb2 Rc8 12. Ne5 Nxe5 13. fxe5 Nd7 14. Qg4 Qe7 15. e4
cxd4 16. cxd4 Rc7 17. exd5 Bxd5 18. Nf3 Rfc8 19. Ng5 Rf8 20. Rac1 Rxc1 21. Bxc1
Qb4 22. Qh4 h5 23. Ne4 Qxd4+ 24. Qf2 Qxd3 25. Nf6+ Bxf6 26. exf6 Qe4 27. Qg3
Qd4+ 28. Be3 Qe5 29. Bf4 Qxf6 30. Be5 Qd8 31. Rxf7 Nxe5 32. Rxa7 Qf6 0-1

[Event "NATO Chess Championship 2010"]
[Site "Koege"]
[Date "2010.10.19"]
[Round "3.37"]
[White "Bellemare, Regis"]
[Black "Lefevre, Steve"]
[Result "1/2-1/2"]
[WhiteElo "1637"]
[BlackElo "1833"]
[PlyCount "34"]
[EventDate "2010.??.??"]
[WhiteTeam "CAN"]
[BlackTeam "NATO"]

1. e4 e5 2. f4 d6 3. Nf3 Nc6 4. Bc4 h6 5. fxe5 Nxe5 6. Be2 Nf6 7. d3 Be7 8.
Nbd2 Nfg4 9. Nf1 O-O 10. Nxe5 Nxe5 11. Nd2 Bh4+ 12. g3 Bh3 13. Nf3 Nxf3+ 14.
Bxf3 Bg5 15. Bg4 Bxg4 16. Qxg4 Bxc1 17. Rxc1 Qe7 1/2-1/2

[Event "NATO Chess Championship 2010"]
[Site "Koege"]
[Date "2010.10.19"]
[Round "3.39"]
[White "Kacevicius, Dangiras"]
[Black "Chwieseni, Ed"]
[Result "1/2-1/2"]
[WhiteElo "1730"]
[BlackElo "1800"]
[PlyCount "132"]
[EventDate "2010.??.??"]
[WhiteTeam "LTU"]
[BlackTeam "UK"]

1. d4 Nf6 2. Nf3 e6 3. c4 Bb4+ 4. Bd2 Nc6 5. e3 d5 6. Ne5 Bxd2+ 7. Qxd2 Ne4 8.
Qc2 Nxe5 9. dxe5 c6 10. g3 Qa5+ 11. Nd2 Qxd2+ 12. Qxd2 Nxd2 13. Kxd2 Bd7 14.
Rd1 O-O-O 15. c5 Kc7 16. b4 b6 17. Rc1 a6 18. Rc2 b5 19. Bd3 Rhf8 20. Ra1 f6
21. exf6 Rxf6 22. Kc3 e5 23. a3 Bf5 24. Bxf5 Rxf5 25. a4 d4+ 26. Kd3 dxe3+ 27.
Kxe3 Rd4 28. Rb2 Kb7 29. f4 Rc4 30. fxe5 Rxe5+ 31. Kf3 Ree4 32. axb5 axb5 33.
Rba2 Red4 34. Ra7+ Kc8 35. Ra8+ Kd7 36. R1a7+ Ke6 37. Rxg7 Rc3+ 38. Kg2 Rxb4
39. Rxh7 Rxc5 40. Re8+ Kd5 41. Rhe7 Rc2+ 42. Re2 Rxe2+ 43. Rxe2 Re4 44. Rd2+
Rd4 45. Rb2 Rd3 46. h4 Kc4 47. Rc2+ Kd5 48. h5 b4 49. Kh3 b3 50. Rb2 Kc4 51. h6
Rd7 52. g4 Kc3 53. Rxb3+ Kxb3 54. g5 c5 55. g6 c4 56. h7 Rxh7+ 57. gxh7 c3 58.
h8=Q Kc2 59. Qd4 Kb3 60. Qd1+ Kb2 61. Kg3 c2 62. Qd2 Kb1 63. Qb4+ Ka1 64. Qa3+
Kb1 65. Qb3+ Ka1 66. Qc3+ Kb1 1/2-1/2

[Event "NATO Chess Championship 2010"]
[Site "Koege"]
[Date "2010.10.20"]
[Round "4.1"]
[White "Ozkan, Ervin"]
[Black "Pedersen, Finn"]
[Result "0-1"]
[WhiteElo "2220"]
[BlackElo "2292"]
[PlyCount "108"]
[EventDate "2010.??.??"]
[WhiteTeam "TUR"]
[BlackTeam "DEN"]

1. d4 d5 2. Bf4 Bf5 3. e3 e6 4. c4 Bxb1 5. Qxb1 Bb4+ 6. Kd1 dxc4 7. Bxc4 Nf6 8.
Nf3 O-O 9. Ke2 Nbd7 10. Rd1 Nh5 11. Be5 Bd6 12. g4 Nhf6 13. g5 Nd5 14. Qe4 f5
15. gxf6 N7xf6 16. Bxf6 Qxf6 17. Bxd5 exd5 18. Qxd5+ Kh8 19. Rf1 Qg6 20. Rac1
Rf5 21. Qxb7 Raf8 22. Nd2 Qh5+ 23. Kd3 Rb5 24. Qc6 Rxb2 25. Rc2 Qf5+ 26. e4
Qh3+ 27. Ke2 Qh5+ 28. f3 Rb6 29. Qc4 Rb4 30. Qd3 c5 31. Nc4 cxd4 32. Qxd4 Bxh2
33. Qd5 Qe8 34. Rh1 Rb5 35. Qd3 Rh5 36. Rcc1 Bf4 37. Rcg1 Rxh1 38. Rxh1 Qg6 39.
Rf1 Qa6 40. a3 Rb8 41. Rb1 Rc8 42. Rd1 h6 43. Ne3 Qg6 44. Ng4 Qb6 45. Kf1 Qb2
46. Qd7 Qc2 47. Qd3 Qc5 48. Ke2 Bg5 49. Qb3 a5 50. Nf2 a4 51. Qb4 Qe3+ 52. Kf1
Qxf3 53. Re1 Rf8 54. Qc5 Bh4 0-1

[Event "NATO Chess Championship 2010"]
[Site "Koege"]
[Date "2010.10.20"]
[Round "4.2"]
[White "Giua, Frédéric"]
[Black "Goksel, Doga Cihan"]
[Result "1/2-1/2"]
[WhiteElo "2188"]
[BlackElo "2264"]
[PlyCount "99"]
[EventDate "2010.??.??"]
[WhiteTeam "FRA"]
[BlackTeam "TUR"]

1. Nf3 d5 2. c4 c6 3. d4 Nf6 4. e3 Bg4 5. h3 Bh5 6. g4 Bg6 7. Nc3 e6 8. Ne5
Nbd7 9. Nxg6 hxg6 10. g5 Ng8 11. e4 dxe4 12. Nxe4 Rh4 13. Bg2 Qc7 14. Qf3 f5
15. gxf6 Ngxf6 16. Ng5 Bb4+ 17. Kf1 Qd6 18. Be3 e5 19. d5 Rxc4 20. dxc6 Rxc6
21. Rd1 Qe7 22. Qe2 e4 23. f3 O-O-O 24. Nxe4 Nxe4 25. fxe4 Rf8+ 26. Kg1 Ne5 27.
h4 Bc5 28. Rh3 Kb8 29. Kh1 Ka8 30. Bg5 Qe6 31. b4 Bxb4 32. Rb3 Bd6 33. Qb5 Rb8
34. Qd5 Qg4 35. Bh3 Qe2 36. Qd2 Qc4 37. Bf1 Qe6 38. Qd5 Qg4 39. Bh3 Qe2 40. Qd2
Qa6 41. Bf1 Qa4 42. Rdb1 Nc4 43. Qg2 a6 44. Qe2 Ne5 45. Bh3 Nc4 46. Bd7 Ne5 47.
Bxc6 Nxc6 48. Qd3 Be5 49. a3 Bc7 50. Qd5 1/2-1/2

[Event "NATO Chess Championship 2010"]
[Site "Koege"]
[Date "2010.10.20"]
[Round "4.3"]
[White "van Rijn, Wouter"]
[Black "Schenk, Andreas"]
[Result "1/2-1/2"]
[WhiteElo "2179"]
[BlackElo "2519"]
[PlyCount "120"]
[EventDate "2010.??.??"]
[WhiteTeam "NED"]
[BlackTeam "GER"]

1. e4 c5 2. Nf3 d6 3. d4 cxd4 4. Nxd4 Nf6 5. Nc3 a6 6. Bg5 Nbd7 7. f4 Qc7 8.
Qf3 h6 9. Bxf6 Nxf6 10. h3 e6 11. a4 Be7 12. g4 Qb6 13. Nb3 Nd7 14. O-O-O Nc5
15. Nxc5 Qxc5 16. Qd3 Bd7 17. Bg2 Rc8 18. Qd4 Qxd4 19. Rxd4 h5 20. Rd3 g5 21.
e5 Bc6 22. exd6 Bxd6 23. Bxc6+ Rxc6 24. fxg5 Bf4+ 25. Kb1 hxg4 26. Ne4 Ke7 27.
Rf1 gxh3 28. Rxf4 h2 29. Ng3 h1=Q+ 30. Nxh1 Rxh1+ 31. Ka2 a5 32. Rfd4 Rc7 33.
Rb3 Rg1 34. Rb5 b6 35. Rxb6 Rxg5 36. c4 Rgc5 37. b3 f5 38. Rh4 R7c6 39. Rb8 Rc8
40. Rb7+ Kd6 41. Rf7 R5c7 42. Rf6 Ke5 43. Rg6 Re8 44. Kb2 Rd7 45. Kc3 Rd1 46.
Rh2 Re1 47. Kd2 Re4 48. Rg7 Rd8+ 49. Kc2 Re3 50. Ra7 f4 51. Rxa5+ Ke4 52. Rhh5
Kd4 53. Rh2 Ke4 54. Rhh5 Kd4 55. Rh2 Rf8 56. Rg5 f3 57. Rd2+ Ke4 58. Rg4+ Kf5
59. Rg1 Rb8 60. Rb1 Ke4 1/2-1/2

[Event "NATO Chess Championship 2010"]
[Site "Koege"]
[Date "2010.10.20"]
[Round "4.5"]
[White "Sypien, Mateusz"]
[Black "Helbig, Mark"]
[Result "1/2-1/2"]
[WhiteElo "2265"]
[BlackElo "2366"]
[PlyCount "65"]
[EventDate "2010.??.??"]

1. c4 c6 2. g3 d5 3. cxd5 cxd5 4. d4 Nf6 5. Nc3 g6 6. Bg2 Bg7 7. Qb3 Nc6 8. Nf3
O-O 9. Bf4 Nh5 10. Be3 e6 11. O-O Na5 12. Qc2 Bd7 13. b3 Qe7 14. Qd2 b6 15. Bh6
Rac8 16. Bxg7 Kxg7 17. Rac1 Nf6 18. Ne5 Bc6 19. Rc2 Rc7 20. Rfc1 Rfc8 21. Nd1
Bb7 22. Ne3 Nc6 23. N3g4 Ng8 24. Nxc6 Rxc6 25. Ne5 Rxc2 26. Rxc2 Rxc2 27. Qxc2
Nf6 28. e3 Qd6 29. Bf1 Nd7 30. Nxd7 Qxd7 31. Qc3 Qc6 32. Qxc6 Bxc6 33. b4
1/2-1/2

[Event "NATO Chess Championship 2010"]
[Site "Koege"]
[Date "2010.10.20"]
[Round "4.6"]
[White "Mestek, Igor"]
[Black "Schott, Guido"]
[Result "1/2-1/2"]
[WhiteElo "2199"]
[BlackElo "2174"]
[PlyCount "32"]
[EventDate "2010.??.??"]
[WhiteTeam "SLO"]
[BlackTeam "GER"]

1. e4 e5 2. Nf3 d6 3. d4 exd4 4. Nxd4 Nf6 5. Nc3 Be7 6. g3 Nc6 7. Nxc6 bxc6 8.
Bg2 O-O 9. O-O Rb8 10. b3 Bg4 11. Qd4 Nd7 12. Bb2 c5 13. Qe3 Bf6 14. Rab1 Nb6
15. Nd1 Bxd1 16. Bxf6 Qxf6 1/2-1/2

[Event "NATO Chess Championship 2010"]
[Site "Koege"]
[Date "2010.10.20"]
[Round "4.7"]
[White "Skindzier, Saturnin"]
[Black "Andersen, Hans-Christoph"]
[Result "0-1"]
[WhiteElo "2173"]
[BlackElo "2205"]
[PlyCount "86"]
[EventDate "2010.??.??"]
[WhiteTeam "POL"]
[BlackTeam "GER"]

1. d4 d6 2. Nf3 g6 3. c4 f5 4. g3 Nf6 5. Bg2 Bg7 6. O-O O-O 7. Nc3 Qe8 8. d5 a5
9. Rb1 Bd7 10. b3 Na6 11. Bb2 Nc5 12. Nd4 c6 13. a3 Rc8 14. b4 axb4 15. axb4
Nce4 16. Nxe4 Nxe4 17. Qd3 cxd5 18. cxd5 Qf7 19. f3 Nf6 20. e4 Rc7 21. Ra1 Rfc8
22. Ra7 fxe4 23. fxe4 Qe8 24. b5 Ng4 25. b6 Rc4 26. Rxb7 Rb4 27. Ba1 Rb8 28.
Nc6 Rxb7 29. Bxg7 R4xb6 30. Bd4 Bxc6 31. Bh3 Bd7 32. Bxg4 Bxg4 33. Ba1 Qb5 34.
Qd2 Qxf1+ 35. Kxf1 Rb1+ 36. Kf2 Rxa1 37. Ke3 Rba7 38. Kf4 h5 39. Kg5 Ra8 40.
Kxg6 Rf1 41. Kg5 Raf8 42. Qd4 Kh7 43. Qa7 R1f2 0-1

[Event "NATO Chess Championship 2010"]
[Site "Koege"]
[Date "2010.10.20"]
[Round "4.8"]
[White "Mottais, Francois"]
[Black "Jauk, Wilhelm"]
[Result "0-1"]
[WhiteElo "2071"]
[BlackElo "2168"]
[PlyCount "90"]
[EventDate "2010.??.??"]
[WhiteTeam "FRA"]
[BlackTeam "GER"]

1. d4 d5 2. c4 c6 3. Nc3 Nf6 4. Nf3 e6 5. Bg5 Be7 6. e3 Nbd7 7. cxd5 exd5 8.
Qc2 O-O 9. Bd3 Re8 10. h4 Nf8 11. O-O-O Ng4 12. Kb1 Be6 13. Bxe7 Qxe7 14. Ng5
g6 15. Nxe6 Nxe6 16. h5 Nf6 17. hxg6 fxg6 18. Rh4 Nf8 19. Rdh1 Qg7 20. Ne2 Re7
21. Ng1 Rc8 22. Nf3 Rcc7 23. Ng5 Re8 24. R1h3 Ree7 25. f4 Re8 26. Rg3 Rce7 27.
Qf2 h6 28. Rgh3 hxg5 29. Rh8+ Qxh8 30. Rxh8+ Kxh8 31. fxg5 Ne4 32. Qf4 Kg8 33.
b4 Ne6 34. Qh4 N6xg5 35. b5 Kg7 36. Kc2 Nf7 37. Qf4 Neg5 38. bxc6 bxc6 39. g4
Ne4 40. Kb3 Nfd6 41. g5 Nf5 42. Ka3 Ned6 43. Kb4 Rb7+ 44. Kc5 Rb6 45. Bxf5 Nb7#
0-1

[Event "NATO Chess Championship 2010"]
[Site "Koege"]
[Date "2010.10.20"]
[Round "4.9"]
[White "Alaslar, Devrim"]
[Black "Toll, Alec"]
[Result "1-0"]
[WhiteElo "2167"]
[BlackElo "2095"]
[PlyCount "35"]
[EventDate "2010.??.??"]
[WhiteTeam "TUR"]
[BlackTeam "UK"]

1. e4 Nc6 2. Nc3 e6 3. d4 d5 4. e5 Bd7 5. Be3 Bb4 6. Qg4 g6 7. Bd3 f5 8. Qg3
Qe7 9. a3 Bxc3+ 10. bxc3 Na5 11. h4 Qf7 12. h5 Ne7 13. h6 Nc4 14. Bg5 Bc6 15.
Nh3 O-O-O 16. Bf6 Rhg8 17. Ng5 Qe8 18. Nxh7 1-0